A country such as this / (Record no. 350198)

000 -LEADER
fixed length control field 00940pam a2200301 a 4500
001 - CONTROL NUMBER
control field 1861756
003 - CONTROL NUMBER IDENTIFIER
control field OSt
005 - DATE AND TIME OF LATEST TRANSACTION
control field 20180116183009.0
008 - FIXED-LENGTH DATA ELEMENTS--GENERAL INFORMATION
fixed length control field 830210s1983 nyu 000 1 eng
010 ## - LIBRARY OF CONGRESS CONTROL NUMBER
LC control number 82045969
020 ## - INTERNATIONAL STANDARD BOOK NUMBER
International Standard Book Number 0385180101 :
Terms of availability $17.95
040 ## - CATALOGING SOURCE
Original cataloging agency DLC
Transcribing agency DLC
Modifying agency DLC
050 00 - LIBRARY OF CONGRESS CALL NUMBER
Classification number PS3573.E1955
Item number C68 1983
082 00 - DEWEY DECIMAL CLASSIFICATION NUMBER
Classification number 813/.54 WEB 1985
Edition number 19
100 1# - MAIN ENTRY--PERSONAL NAME
Personal name Webb, James H.
245 12 - TITLE STATEMENT
Title A country such as this /
Statement of responsibility, etc. by James Webb.
250 ## - EDITION STATEMENT
Edition statement 1st ed.
260 ## - PUBLICATION, DISTRIBUTION, ETC.
Place of publication, distribution, etc. Garden City, N.Y. :
Name of publisher, distributor, etc. Doubleday,
Date of publication, distribution, etc. 1983.
300 ## - PHYSICAL DESCRIPTION
Extent viii, 534 p. ;
Dimensions 24 cm.
610 20 - SUBJECT ADDED ENTRY--CORPORATE NAME
Corporate name or jurisdiction name as entry element United States Naval Academy
General subdivision Alumni and alumnae
Form subdivision Fiction.
610 10 - SUBJECT ADDED ENTRY--CORPORATE NAME
Corporate name or jurisdiction name as entry element United States.
Subordinate unit Navy
Form subdivision Fiction.
651 #0 - SUBJECT ADDED ENTRY--GEOGRAPHIC NAME
Geographic name United States
General subdivision History, Naval
Chronological subdivision 20th century
Form subdivision Fiction.
655 #7 - INDEX TERM--GENRE/FORM
Genre/form data or focus term Historical fiction.
Source of term gsafd
655 #7 - INDEX TERM--GENRE/FORM
Genre/form data or focus term Sea stories.
Source of term gsafd
655 #7 - INDEX TERM--GENRE/FORM
Genre/form data or focus term War stories.
Source of term gsafd
906 ## - LOCAL DATA ELEMENT F, LDF (RLIN)
a 7
b cbc
c orignew
d 1
e ocip
f 19
g y-gencatlg
942 ## - ADDED ENTRY ELEMENTS (KOHA)
Source of classification or shelving scheme
Koha item type Book
Holdings
Withdrawn status Lost status Source of classification or shelving scheme Damaged status Not for loan Collection code Permanent Location Current Location Shelving location Date acquired Total Checkouts Full call number Barcode Date last seen Price effective from Koha item type
            Central Library (CL) Central Library (CL) Fiction 08/31/2015   813/.54 WEB 1985 NBSD-2045 08/31/2015 08/31/2015 Book
© 2023 Central Library, National University of Sciences and Technology. All Rights Reserved.